000 00402nam a22001697a 4500
003 NUST - PNEC
005 20170116180927.0
008 150905b xxu||||| |||| 00| 0 eng d
020 _a-
040 _clLIBRARY
082 _a801 JAV
100 _98038
_aJaviad,J. M.
245 _aMohabbat ka safar
_cJ.M. Javaid
260 _ac.2004
650 _98042
_aUrdu literature
_xGeneral
942 _2ddc
_cBK
999 _c65791
_d65791